Carlos Drummond de Andrade /
Guardat en:
| Autor principal: | |
|---|---|
| Format: | Desconegut |
| Idioma: | Portuguese |
| Publicat: |
Petrópolis [Brasil]:
Editora Vozes,
1976
|
| Col·lecció: | Colecao poetas modernos de Brasil
4 |
| Matèries: | |
| Etiquetes: |
Afegir etiqueta
Sense etiquetes, Sigues el primer a etiquetar aquest registre!
|
MARC
| LEADER | 000000000a22000000004500 | ||
|---|---|---|---|
| 001 | 001203 | ||
| 008 | 170626s1976 bl ap||| |||| 00| 0bpor d | ||
| 041 | 0 | |a portugués | |
| 082 | |a Br869.1 |b A553s | ||
| 100 | 1 | |a Santiago, Silviano | |
| 245 | 1 | 0 | |a Carlos Drummond de Andrade / |c Carlos Andrade, Silvano Santiago |
| 260 | |a Petrópolis [Brasil]: |b Editora Vozes, |c 1976 | ||
| 300 | |a 131 páginas, [4] hojas de láminas : |b ilustraciones | ||
| 490 | 1 | |a Colecao poetas modernos de Brasil |v 4 | |
| 500 | |a Número de inscripción 7175 (Colección George Yúdice) | ||
| 600 | 1 | 4 | |a ANDRADE, CARLOS DRUMMOND DE |d 1902-1987 |
| 942 | |2 ddc |c BK | ||
| 999 | |c 2286 |d 2286 | ||
